header

Policies and practices for mental health in Europe (Record no. 24395)

MARC details
000 -LEADER
fixed length control field 01199nam a2200301Ia 4500
245 00 - TITLE STATEMENT
Title Policies and practices for mental health in Europe
260 ## - PUBLICATION, DISTRIBUTION, ETC. (IMPRINT)
Place of publication Denmark :
Name of publisher WHO :
-- Stylus,
Year of publication 2008.
300 ## - PHYSICAL DESCRIPTION
Number of Pages xiii, 191 p. :
Other physical details ill.
500 ## - GENERAL NOTE
General note Includes bibliographical references.
650 #0 - SUBJECT ADDED ENTRY--TOPICAL TERM
Topical Term Mentally ill
Topical Term Mental health policy
Topical Term Mental health services
856 40 - ELECTRONIC LOCATION AND ACCESS
Uniform Resource Identifier http://site.ebrary.com/lib/rucke/Doc?id=10268623

No items available.

© 2026 Rongo University
Contact us: librarian | system librarian | Rongo university